000 00475nam a2200145 4500
999 _c10204
_d10204
008 180804b ||||| |||| 00| 0 eng d
022 _a2094-8042
082 _aDPer 370.105 M72 Jan-Dec 2011 v59-60
100 _930103
_aAmacio, Ramon M.
245 _aABC's of getting high grades/
_cRamon M. Amacio.
260 _aPhilippines;
_bIn The Grade School, Inc.,
_cc2011.
300 _av60 n1, page 14:
_billustrations;
_c27cm.
650 0 _930104
_aHabit
_xStudy.
942 _2ddc
_cPER